[Event "OLNN 2122 SK Doppelbauer Turm Kiel II -"]
[Site "?"]
[Date "2022.03.20"]
[Round "7.6"]
[White "Luckow, Rolf"]
[Black "Heinsohn, Wilfried"]
[Result "1/2-1/2"]
[WhiteElo "2210"]
[BlackElo "2129"]
[PlyCount "116"]
[EventDate "2022.??.??"]

1. b3 e5 2. Bb2 Nc6 3. e3 Nf6 4. Bb5 Bd6 5. Nf3 Qe7 6. d4 exd4 7. Nxd4 Nxd4 8.
Qxd4 O-O 9. Nc3 c6 10. Be2 Bc7 11. O-O-O Re8 12. g4 Be5 13. Qd3 d5 14. h3 Ne4
15. Nxe4 dxe4 16. Qd2 Bxb2+ 17. Kxb2 Qf6+ 18. Qd4 Qxf2 19. Bc4 Be6 20. Rdf1 Qh4
21. Qxe4 Bxc4 22. Qxc4 Qe7 23. Rf3 Qe6 24. Qd4 b6 25. Rhf1 Rad8 26. Qf4 Rd7 27.
Re1 Qe5+ 28. Qxe5 Rxe5 29. e4 h5 30. gxh5 Rde7 31. h6 gxh6 32. Rf4 Kg7 33. Rg1+
Rg5 34. Rfg4 Rxg4 35. Rxg4+ Kf6 36. Kc3 Rd7 37. Rf4+ Ke5 38. Rh4 Rd6 39. b4 Rg6
40. Kc4 Rd6 41. c3 f5 42. exf5 Kxf5 43. a4 Re6 44. b5 cxb5+ 45. Kxb5 Kg5 46.
Rd4 Re5+ 47. Ka6 Ra5+ 48. Kb7 h5 49. Rb4 Kf6 50. Rb5 Rxa4 51. Rxh5 Rc4 52. Kxa7
Rxc3 53. Kxb6 Kg6 54. Rh4 Kg5 55. Rh8 Rc4 56. Kb5 Rh4 57. Rxh4 Kxh4 58. Kc4
Kxh3 1/2-1/2

[Event "OLNN 2122 SK Doppelbauer Turm Kiel II -"]
[Site "?"]
[Date "2022.03.20"]
[Round "7.7"]
[White "Kunze, Kerstin"]
[Black "Budzyn, Matthias"]
[Result "1-0"]
[WhiteElo "2028"]
[BlackElo "2176"]
[PlyCount "61"]
[EventDate "2022.??.??"]

1. e4 e5 2. Nf3 Nc6 3. Bb5 a6 4. Ba4 Nf6 5. O-O Be7 6. d3 b5 7. Bb3 d6 8. c3
O-O 9. h3 Na5 10. Bc2 c5 11. Nbd2 Nc6 12. Re1 Re8 13. Nf1 Bf8 14. Ng3 g6 15.
Be3 h6 16. d4 exd4 17. cxd4 c4 18. Qd2 d5 19. Bxh6 Bb4 20. Qf4 Bxe1 21. Bg5 Bb4
22. Bxf6 Be7 23. Nh5 Nb4 24. e5 Bxf6 25. exf6 Re4 26. Qh6 Qf8 27. Ng7 Qd8 28.
Ne6 Qxf6 29. Qf8+ Kh7 30. Nfg5+ Qxg5 31. Nxg5# 1-0

[Event "OLNN 2122 SK Doppelbauer Turm Kiel II -"]
[Site "?"]
[Date "2022.03.20"]
[Round "7.8"]
[White "Malinowsky, Levi"]
[Black "Schmidt, Arne"]
[Result "1-0"]
[WhiteElo "1794"]
[BlackElo "1765"]
[PlyCount "63"]
[EventDate "2022.??.??"]

1. e4 c6 2. Nf3 d5 3. d3 Bg4 4. Qe2 e6 5. h3 Bxf3 6. Qxf3 Qb6 7. c3 Nd7 8. d4
dxe4 9. Qxe4 Ngf6 10. Qc2 c5 11. dxc5 Bxc5 12. Bf4 O-O 13. a4 e5 14. Bg3 Qc6
15. Nd2 a6 16. Be2 e4 17. O-O Rfe8 18. Kh1 Rad8 19. Nc4 Nd5 20. Rad1 Qe6 21.
Na5 b6 22. Nb7 Ra8 23. Nxc5 bxc5 24. Bc4 N7b6 25. Rxd5 Nxc4 26. Rxc5 Rad8 27.
Qe2 Nd2 28. Rd1 Qb6 29. b4 e3 30. Bc7 exf2 31. Rxd2 Qf6 32. Qxf2 1-0

[Event "OLNN 2122 Preetzer TSV - SC Diogenes"]
[Site "?"]
[Date "2022.03.20"]
[Round "7.1"]
[White "Schulenburg, Torben"]
[Black "Hansen, Mads"]
[Result "1-0"]
[WhiteElo "2200"]
[BlackElo "2406"]
[PlyCount "123"]
[EventDate "2022.??.??"]

1. d4 d5 2. c4 e6 3. Nc3 c6 4. cxd5 exd5 5. Bf4 Nf6 6. e3 Bf5 7. Bd3 Bxd3 8.
Qxd3 Bd6 9. Nge2 O-O 10. O-O Re8 11. Rab1 Na6 12. Rfc1 Ne4 13. a3 Nc7 14. b4
Bxf4 15. Nxf4 Nd6 16. a4 a6 17. a5 Qg5 18. Qd1 Ne6 19. Qh5 Qf6 20. Nd3 g6 21.
Qf3 Qe7 22. Nf4 Ng5 23. Qd1 Nf5 24. Nfxd5 cxd5 25. Nxd5 Qd8 26. Nc7 Nd6 27.
Nxa8 Qxa8 28. Qb3 Qd8 29. Qd5 Qe7 30. Rb2 Ne6 31. Rbc2 Kg7 32. Qe5+ f6 33. Qd5
Rd8 34. h3 Rd7 35. Qb3 h5 36. Qd3 g5 37. g3 Nd8 38. Qd1 Kg6 39. Rc5 Ne6 40.
Qd3+ Kg7 41. R5c2 Qf7 42. Re1 f5 43. Rd1 Nd8 44. Rc5 Ne4 45. Rc8 g4 46. h4 Nc6
47. d5 Ne7 48. Rc4 Rxd5 49. Rd4 Nf6 50. Rxd5 Qxd5 51. Qb1 Qe5 52. Rd8 Nc6 53.
Rc8 Kf7 54. Qb3+ Ke7 55. Rh8 Qa1+ 56. Kg2 Ne5 57. Qc2 Nf3 58. Qc5+ Ke6 59. Qc4+
Nd5 60. Qc8+ Ke5 61. Re8+ Kf6 62. Qe6+ 1-0

[Event "OLNN 2122 Preetzer TSV - SC Diogenes"]
[Site "?"]
[Date "2022.03.20"]
[Round "7.2"]
[White "Reinecker, Kai"]
[Black "Hochgraefe, Markus"]
[Result "1/2-1/2"]
[WhiteElo "2268"]
[BlackElo "2384"]
[PlyCount "96"]
[EventDate "2022.??.??"]

1. e4 c6 2. d4 d5 3. Nc3 dxe4 4. Nxe4 Nd7 5. Nf3 Ngf6 6. Nxf6+ Nxf6 7. Be2 Bf5
8. O-O e6 9. Bf4 Be7 10. c3 O-O 11. Qb3 Nh5 12. Be3 Qc7 13. Ne5 Nf6 14. g4 Be4
15. f3 Bg6 16. Bf4 Bd6 17. c4 c5 18. Nxg6 hxg6 19. Bxd6 Qxd6 20. dxc5 Qxc5+ 21.
Kg2 b6 22. Rad1 Rfd8 23. Rd3 e5 24. Rfd1 Rd4 25. Qc3 Re8 26. R3d2 a5 27. a3
Rxd2 28. Rxd2 e4 29. b4 axb4 30. axb4 Qg5 31. Qd4 Kh7 32. Rc2 Nh5 33. fxe4 Nf6
34. e5 Qxe5 35. Qxe5 Rxe5 36. c5 bxc5 37. bxc5 Nd5 38. Kf2 g5 39. c6 Re7 40.
Bf3 Nc7 41. Re2 Rxe2+ 42. Kxe2 Kg6 43. Ke3 Kf6 44. Kd4 Ne6+ 45. Kd5 Ke7 46. Be4
f6 47. Bf5 Nc7+ 48. Kc5 Na8 1/2-1/2

[Event "OLNN 2122 Preetzer TSV - SC Diogenes"]
[Site "?"]
[Date "2022.03.20"]
[Round "7.3"]
[White "Schulenburg, Fabian"]
[Black "Schwarz, Frank"]
[Result "1-0"]
[WhiteElo "2304"]
[BlackElo "2250"]
[PlyCount "125"]
[EventDate "2022.??.??"]

1. e4 c5 2. Nf3 Nf6 3. Nc3 d5 4. exd5 Nxd5 5. Nxd5 Qxd5 6. d4 cxd4 7. Qxd4 Qxd4
8. Nxd4 a6 9. Be2 e5 10. Nb3 Nc6 11. O-O Be6 12. f4 Rc8 13. c3 exf4 14. Bxf4
Be7 15. Rad1 O-O 16. Bd6 Bxd6 17. Rxd6 Rfd8 18. Rfd1 Rxd6 19. Rxd6 Bxb3 20.
axb3 Rc7 21. b4 Kf8 22. Kf2 Ke7 23. Rd5 f6 24. Rh5 h6 25. b5 Ne5 26. bxa6 bxa6
27. Rh4 a5 28. Ra4 Rb7 29. Ra2 Ke6 30. Ke3 g5 31. Kd2 Rd7+ 32. Kc2 Rd5 33. c4
Rc5 34. Kc3 Nc6 35. Bf3 Nb4 36. Ra1 Re5 37. b3 f5 38. h3 Re3+ 39. Kb2 Nd3+ 40.
Kc2 Nc5 41. Rxa5 Nxb3 42. Rd5 Kf6 43. Kb2 Nc1 44. Kxc1 Rc3+ 45. Kd2 Rxc4 46.
Rd6+ Kg7 47. Kd3 Ra4 48. Ke3 Rb4 49. Be2 Re4+ 50. Kf2 Rf4+ 51. Kg3 Re4 52. Bd3
Re3+ 53. Kf2 Re5 54. Rb6 Rd5 55. Ke3 Ra5 56. Bc4 Ra3+ 57. Kd4 g4 58. hxg4 fxg4
59. Bd3 h5 60. Rg6+ Kf7 61. Rg5 Ra4+ 62. Bc4+ Kf6 63. Rxh5 1-0

[Event "OLNN 2122 Preetzer TSV - SC Diogenes"]
[Site "?"]
[Date "2022.03.20"]
[Round "7.4"]
[White "Moeller, Dustin"]
[Black "Mach, Holger"]
[Result "1-0"]
[WhiteElo "2220"]
[BlackElo "2216"]
[PlyCount "63"]
[EventDate "2022.??.??"]

1. c4 e5 2. Nc3 Nc6 3. Nf3 g6 4. d4 exd4 5. Nxd4 Bg7 6. Nxc6 bxc6 7. g3 Ne7 8.
Bg2 O-O 9. O-O d6 10. Qa4 Bd7 11. c5 d5 12. Rd1 Qc8 13. Bf4 Re8 14. Rd2 h6 15.
h4 a5 16. Rad1 Qb7 17. Nxd5 Nxd5 18. Bxd5 cxd5 19. Qxd7 d4 20. Qxc7 Qd5 21. e3
g5 22. hxg5 hxg5 23. Rxd4 Bxd4 24. Rxd4 Qf5 25. Bd6 Re6 26. Qb7 Rae8 27. Qd5
Qb1+ 28. Kg2 Qxb2 29. c6 Qc2 30. c7 Rc8 31. Qxg5+ Rg6 32. Qd8+ 1-0

[Event "OLNN 2122 Preetzer TSV - SC Diogenes"]
[Site "?"]
[Date "2022.03.20"]
[Round "7.5"]
[White "Gottuk, Stefan"]
[Black "Skaanning-Pedersen, Kim Henrik"]
[Result "1-0"]
[WhiteElo "2154"]
[BlackElo "2262"]
[PlyCount "63"]
[EventDate "2022.??.??"]

1. d4 Nf6 2. Bf4 c5 3. d5 d6 4. Nc3 g6 5. e4 Bg7 6. h3 O-O 7. Nf3 Na6 8. Bxa6
bxa6 9. O-O Rb8 10. Rb1 Nd7 11. Qd2 Qa5 12. Bh6 f6 13. Bxg7 Kxg7 14. b3 Ne5 15.
Nxe5 fxe5 16. Rbd1 Bd7 17. f3 Qb4 18. Nb1 Qxd2 19. Nxd2 c4 20. Nxc4 Bb5 21. Na5
Bxf1 22. Kxf1 Kf6 23. Ke2 e6 24. c4 exd5 25. exd5 Rbe8 26. Ke3 Kg5 27. Nb7 Rf6
28. c5 e4 29. fxe4 dxc5 30. d6 Rfe6 31. Nxc5 Re5 32. Kd4 1-0

[Event "OLNN 2122 Preetzer TSV - SC Diogenes"]
[Site "?"]
[Date "2022.03.20"]
[Round "7.6"]
[White "Schwarzat, Julian"]
[Black "Hein, Ralf"]
[Result "1-0"]
[WhiteElo "2122"]
[BlackElo "2053"]
[PlyCount "105"]
[EventDate "2022.??.??"]

1. e4 e5 2. Nf3 Nc6 3. Bc4 Be7 4. O-O Nf6 5. Re1 O-O 6. d3 d6 7. h3 Na5 8. Nbd2
a6 9. c3 b5 10. Bb3 c5 11. Bc2 Bd7 12. Nf1 Qc7 13. Ng3 Nc6 14. Nh2 b4 15. Ng4
Nxg4 16. hxg4 Rfb8 17. Nf5 Bf8 18. Bb3 Qc8 19. Qf3 Be6 20. Bd5 Ra7 21. g3 bxc3
22. bxc3 Qd7 23. Kg2 Ne7 24. Rh1 Bxd5 25. exd5 Nxf5 26. gxf5 g6 27. f6 Qf5 28.
Qxf5 gxf5 29. Bh6 Rab7 30. Bxf8 Kxf8 31. Rxh7 Ke8 32. Rah1 Kd8 33. Rg7 Rd7 34.
Rhh7 Rbb7 35. Rg8+ Kc7 36. Rhh8 Kb6 37. Rb8 Kb5 38. Rxb7+ Rxb7 39. Rd8 c4 40.
dxc4+ Kxc4 41. Rxd6 Ra7 42. Kh3 a5 43. Kh4 Kxc3 44. Kg5 f4 45. gxf4 exf4 46.
Kxf4 Kb2 47. a4 Kb3 48. Ke5 Rb7 49. Rc6 Kxa4 50. Rc1 Rb2 51. Rd1 Rxf2 52. d6
Re2+ 53. Kd5 1-0

[Event "OLNN 2122 Preetzer TSV - SC Diogenes"]
[Site "?"]
[Date "2022.03.20"]
[Round "7.7"]
[White "Kilic, Oguz"]
[Black "Willsch, Matthias"]
[Result "0-1"]
[WhiteElo "2045"]
[BlackElo "2148"]
[PlyCount "142"]
[EventDate "2022.??.??"]

1. e4 e6 2. d3 d5 3. Nd2 Nf6 4. g3 dxe4 5. dxe4 Nc6 6. Bg2 Bc5 7. Ne2 Ng4 8.
O-O Bxf2+ 9. Rxf2 Ne3 10. Qe1 Nxc2 11. Qf1 Ne3 12. Qe1 Ne5 13. Nf1 N3g4 14. Rf4
Nd3 15. Qc3 Nxf4 16. Bxf4 O-O 17. Bxc7 Qf6 18. Qxf6 gxf6 19. Rd1 Ne5 20. Nf4
Kg7 21. Ne3 b6 22. Rf1 Nd7 23. e5 Ba6 24. exf6+ Kxf6 25. Ne2+ Ke7 26. Bxa8 Rxa8
27. Rf2 Rc8 28. Bf4 Nc5 29. Bg5+ Ke8 30. Nf4 Ne4 31. Bh4 Rc1+ 32. Kg2 Nxf2 33.
Kxf2 e5 34. Nfd5 Kd7 35. Nc3 f5 36. h3 Rh1 37. Bf6 Ke6 38. Bh8 Rh2+ 39. Kg1
Rxb2 40. Ned5 Bc4 41. Nc7+ Kd6 42. Ne8+ Kd7 43. Nf6+ Ke6 44. Nxh7 Bxa2 45. Ng5+
Kd6 46. Nxa2 Rxa2 47. Nf7+ Ke6 48. Nxe5 b5 49. Nc6 Kf7 50. h4 a5 51. Bc3 a4 52.
Nd4 Ra3 53. Bb4 Rxg3+ 54. Kf2 Rd3 55. Nxf5 Rb3 56. Bc5 b4 57. Nd4 Rb2+ 58. Ke3
a3 59. Bxb4 a2 60. Bc3 a1=Q 61. Bxb2 Qxb2 62. Nf3 Kf6 63. Kf4 Qc3 64. Ng5 Qe5+
65. Kg4 Qd4+ 66. Kg3 Kf5 67. Nf3 Qe3 68. Kg2 Kf4 69. Nh2 Qg3+ 70. Kh1 Qf2 71.
h5 Kg3 0-1

[Event "OLNN 2122 Preetzer TSV - SC Diogenes"]
[Site "?"]
[Date "2022.03.20"]
[Round "7.8"]
[White "Dittmann, Hans-Adolf"]
[Black "Kalla, Christian"]
[Result "1-0"]
[WhiteElo "2075"]
[BlackElo "1992"]
[PlyCount "121"]
[EventDate "2022.??.??"]

1. e4 c5 2. Nf3 Nc6 3. d4 cxd4 4. Nxd4 Nf6 5. Nc3 e5 6. Ndb5 d6 7. Nd5 Nxd5 8.
exd5 Nb8 9. a4 Be7 10. Be2 O-O 11. O-O a6 12. Na3 f5 13. f4 Nd7 14. Nc4 b6 15.
Be3 Bb7 16. a5 b5 17. Nb6 Nxb6 18. Bxb6 Qd7 19. c4 bxc4 20. Bxc4 Bf6 21. Qe2
Rfe8 22. fxe5 Bxe5 23. Qd3 g6 24. Rab1 Qg7 25. b4 Qh6 26. h3 Qh4 27. b5 Qg3 28.
Rf3 Qh2+ 29. Kf2 Bf6 30. bxa6 Bh4+ 31. Kf1 Bc8 32. Bg1 Qe5 33. Re3 Qf4+ 34. Rf3
Qe4 35. g3 Qxd3+ 36. Bxd3 Bxa6 37. gxh4 Bxd3+ 38. Rxd3 Rxa5 39. Re1 Re4 40. Bh2
Ra6 41. Rde3 Rd4 42. Rc3 Rxd5 43. Rc7 Ra8 44. Bf4 Rd4 45. Bg5 Re4 46. Rb1 h6
47. Bf6 Rae8 48. Rg7+ Kf8 49. Rxg6 h5 50. Bg5 R4e6 51. Rxe6 Rxe6 52. Rb7 Kg8
53. Kf2 Re5 54. Rd7 d5 55. Kf3 Kf8 56. Bf4 Re1 57. Rxd5 Rf1+ 58. Kg3 Rg1+ 59.
Kf2 Rg6 60. Rxf5+ Ke7 61. Rxh5 1-0

[Event "OLNN 2122 Lübecker SV - Schachfreunde H"]
[Site "?"]
[Date "2022.03.20"]
[Round "7.1"]
[White "Hourigan, Gerrit"]
[Black "Kalinitschew, Sergey"]
[Result "1-0"]
[WhiteElo "2299"]
[BlackElo "2408"]
[PlyCount "95"]
[EventDate "2022.??.??"]

1. d4 Nf6 2. c4 g6 3. g3 c5 4. d5 b5 5. Bg2 d6 6. cxb5 a6 7. bxa6 Nxa6 8. Nc3
Bg7 9. Nf3 O-O 10. O-O Nb4 11. Bf4 Bb7 12. Ne1 Qa5 13. Nc2 Rfb8 14. a3 Nxc2 15.
Qxc2 Ba6 16. b3 Bc8 17. Rfb1 Bf5 18. e4 Bc8 19. h3 h5 20. Bd2 Nd7 21. Ra2 Qb6
22. b4 cxb4 23. axb4 Rxa2 24. Qxa2 Ne5 25. Be3 Qb7 26. b5 Ra8 27. Qb3 f5 28. f4
Nf7 29. b6 fxe4 30. Nxe4 Nh6 31. Nc5 Qb8 32. b7 Bxb7 33. Qxb7 Qxb7 34. Nxb7 Nf5
35. Bf2 Kf7 36. g4 hxg4 37. hxg4 Nd4 38. Bf1 Nf3+ 39. Kg2 Nd2 40. Rb5 Ne4 41.
Bd3 Nf6 42. Bd4 Ra2+ 43. Kf1 Rd2 44. Bxf6 Bxf6 45. Rb3 g5 46. Nd8+ Ke8 47. Ne6
gxf4 48. Rb8+ 1-0

[Event "OLNN 2122 Lübecker SV - Schachfreunde H"]
[Site "?"]
[Date "2022.03.20"]
[Round "7.2"]
[White "Kreuzholz, Michael"]
[Black "Ritscher, Jan-Paul"]
[Result "1/2-1/2"]
[WhiteElo "2329"]
[BlackElo "2260"]
[PlyCount "70"]
[EventDate "2022.??.??"]

1. e4 Nf6 2. e5 Nd5 3. d4 d6 4. Nf3 dxe5 5. Nxe5 c6 6. Bc4 Nd7 7. Nxd7 Qxd7 8.
O-O g6 9. c3 Bg7 10. Nd2 O-O 11. Re1 b5 12. Bb3 b4 13. Ne4 a5 14. Bg5 Qa7 15.
a3 bxc3 16. bxc3 Bf5 17. Qf3 Bxe4 18. Rxe4 e6 19. Rd1 Rab8 20. c4 a4 21. Bc2
Nb6 22. Bd3 Nc8 23. Bf6 Rb3 24. Bxg7 Kxg7 25. Rh4 Qc7 26. Qf4 h5 27. d5 exd5
28. Qd4+ Kg8 29. Bc2 Rxa3 30. cxd5 cxd5 31. Rf4 Re8 32. g3 Qe5 33. Bxa4 Qxd4
34. Rfxd4 Rd8 35. Rxd5 Rxd5 1/2-1/2

[Event "OLNN 2122 Lübecker SV - Schachfreunde H"]
[Site "?"]
[Date "2022.03.20"]
[Round "7.3"]
[White "Neffe, Axel"]
[Black "Schmidt, Harald"]
[Result "1/2-1/2"]
[WhiteElo "2237"]
[BlackElo "2345"]
[PlyCount "111"]
[EventDate "2022.??.??"]

1. e4 c6 2. d4 d5 3. f3 dxe4 4. fxe4 e5 5. Nf3 exd4 6. Bc4 Qa5+ 7. Nbd2 Bg4 8.
O-O Bh5 9. Nb3 Qb6 10. Qe1 Na6 11. Qh4 Bg6 12. Ne5 d3+ 13. Kh1 Be7 14. Qh3 Nf6
15. Rxf6 Rd8 16. Rf1 dxc2 17. Be3 Qb4 18. a3 Qa5 19. Nd2 O-O 20. b4 Bf6 21.
Rxf6 gxf6 22. Nd7 Rxd7 23. Qxd7 Qxa3 24. Qd4 c1=Q+ 25. Rxc1 Qxc1+ 26. Nf1 Qc2
27. Bd3 c5 28. Qxf6 Qxd3 29. Bh6 Qxf1+ 30. Qxf1 Rd8 31. Kg1 Nc7 32. bxc5 Ne6
33. Qb1 Nxc5 34. Qa1 f6 35. Qxa7 Rd1+ 36. Kf2 Nxe4+ 37. Kf3 Nd6 38. Qb6 Rd3+
39. Ke2 Kf7 40. Bf4 Ke6 41. Bxd6 Rxd6 42. Qxb7 Rd5 43. Qc6+ Rd6 44. Qc8+ Kf7
45. h3 Re6+ 46. Kf2 Re5 47. g4 h5 48. Qd7+ Kf8 49. Kf3 hxg4+ 50. hxg4 Bf7 51.
Kf4 Kg7 52. Qd6 Rb5 53. Qc6 Ra5 54. Qd7 Rc5 55. Qd6 Rb5 56. Qd7 1/2-1/2

[Event "OLNN 2122 Lübecker SV - Schachfreunde H"]
[Site "?"]
[Date "2022.03.20"]
[Round "7.4"]
[White "Ehrke, Michael"]
[Black "Andersen, Jens Knud"]
[Result "0-1"]
[WhiteElo "2239"]
[BlackElo "2153"]
[PlyCount "71"]
[EventDate "2022.??.??"]

1. d4 Nf6 2. Bf4 g6 3. e3 Bg7 4. h3 O-O 5. Nf3 d6 6. Be2 b6 7. O-O Bb7 8. a4
Nbd7 9. a5 bxa5 10. c3 c5 11. Qa4 cxd4 12. exd4 e5 13. dxe5 dxe5 14. Bh2 Nd5
15. Nbd2 Qe7 16. Rfe1 N7b6 17. Qxa5 e4 18. Ba6 f5 19. Nd4 Bxd4 20. cxd4 Bxa6
21. Qxa6 Nb4 22. Qa3 N6d5 23. Rec1 Qg5 24. Nf1 Nd3 25. Qb3 f4 26. Rc5 Nxc5 27.
dxc5 Kg7 28. Qb7+ Kh6 29. h4 Qe5 30. Ne3 Nxe3 31. fxe3 Qxc5 32. Qxe4 Qxe3+ 33.
Qxe3 fxe3 34. Re1 Rae8 35. Bd6 Rf5 36. Bb4 0-1

[Event "OLNN 2122 Lübecker SV - Schachfreunde H"]
[Site "?"]
[Date "2022.03.20"]
[Round "7.5"]
[White "Gremmel, Jonas Simon"]
[Black "Krause, Ullrich"]
[Result "0-1"]
[WhiteElo "2022"]
[BlackElo "2200"]
[PlyCount "120"]
[EventDate "2022.??.??"]

1. d4 d5 2. Nf3 Nf6 3. c4 e6 4. Nc3 Be7 5. Bf4 O-O 6. e3 Nbd7 7. Bd3 dxc4 8.
Bxc4 Nb6 9. Bd3 Nbd5 10. Bg3 Nxc3 11. bxc3 c5 12. O-O cxd4 13. cxd4 b6 14. Rc1
Bd6 15. Ne5 Bb7 16. Qa4 a6 17. Qb3 b5 18. Nc6 Qd7 19. Na5 Bd5 20. Qb1 Bxg3 21.
hxg3 Rac8 22. e4 Ba8 23. e5 Qd5 24. f3 Qxd4+ 25. Kh2 Qxe5 26. Rfe1 Qh5+ 27. Kg1
Qg5 28. Rxc8 Rxc8 29. g4 h5 30. gxh5 Bxf3 31. Qb2 Qc5+ 32. Kf1 Qxh5 33. Kg1
Qc5+ 34. Kf1 Bd5 35. Nb3 Qc3 36. Qe2 Qxd3 37. Qxd3 Bc4 38. Ke2 Nd5 39. Qxc4
Rxc4 40. Kd2 Rg4 41. Rg1 Rg3 42. Kc2 Nf4 43. Nc5 Ne2 44. Re1 Rc3+ 45. Kb2 Rxc5
46. Rxe2 Rc4 47. Rd2 g5 48. Rd6 Ra4 49. g4 Kg7 50. Kb3 Kf6 51. Rc6 Ke5 52. Rc5+
Kf4 53. Rc7 f5 54. Re7 Kxg4 55. Rxe6 f4 56. Kb2 f3 57. Re1 Kf4 58. Re8 g4 59.
Rb8 Kg3 60. Rf8 Kg2 0-1

[Event "OLNN 2122 Lübecker SV - Schachfreunde H"]
[Site "?"]
[Date "2022.03.20"]
[Round "7.6"]
[White "Lampe, Dirk"]
[Black "Dietz, Juergen"]
[Result "1-0"]
[WhiteElo "2165"]
[BlackElo "2133"]
[PlyCount "41"]
[EventDate "2022.??.??"]

1. e4 e6 2. d4 d5 3. Nc3 Bb4 4. e5 c5 5. a3 Bxc3+ 6. bxc3 Qc7 7. Nf3 Bd7 8. a4
Nc6 9. Bb5 Nge7 10. O-O Na5 11. Bd3 h6 12. dxc5 Qxc5 13. Ba3 Qxc3 14. Qb1 Nec6
15. Bd6 Nd4 16. Ra3 Nxf3+ 17. gxf3 Qd4 18. Bb5 b6 19. Rd1 Qf4 20. Rc3 Nc4 21.
Rxc4 1-0

[Event "OLNN 2122 Lübecker SV - Schachfreunde H"]
[Site "?"]
[Date "2022.03.20"]
[Round "7.7"]
[White "Mix, Clemens"]
[Black "Bosselmann, Tom Linus"]
[Result "1/2-1/2"]
[WhiteElo "1987"]
[BlackElo "2039"]
[PlyCount "76"]
[EventDate "2022.??.??"]

1. d4 Nf6 2. c4 g6 3. g3 d5 4. cxd5 Nxd5 5. Bg2 Bg7 6. Nf3 Nc6 7. O-O Nb6 8. e3
O-O 9. Nc3 e5 10. d5 Na5 11. e4 Nac4 12. b3 Nd6 13. Qe2 Bg4 14. Ba3 a6 15. Rac1
Qd7 16. Rfd1 Rae8 17. Rd3 f5 18. h3 Bxf3 19. Bxf3 Qd8 20. Na4 Nxa4 21. bxa4 Rf7
22. Bxd6 cxd6 23. exf5 e4 24. fxg6 Rxf3 25. Rxf3 exf3 26. gxh7+ Kxh7 27. Qxf3
Qe7 28. Qf5+ Kg8 29. a5 Kh8 30. Rc4 Rf8 31. Qe6 Qxe6 32. dxe6 Re8 33. Re4 d5
34. Rb4 Rxe6 35. Rxb7 Re2 36. Rb6 Bd4 37. Rxa6 Rxf2 38. Kh1 Rf1+ 1/2-1/2

[Event "OLNN 2122 Hamburger SK III - SC Königs"]
[Site "?"]
[Date "2022.03.20"]
[Round "7.1"]
[White "Pfreundt, Jakob"]
[Black "Colpe, Malte"]
[Result "1-0"]
[WhiteElo "2392"]
[BlackElo "2358"]
[PlyCount "117"]
[EventDate "2022.??.??"]

1. e4 c5 2. Nc3 d6 3. d4 cxd4 4. Qxd4 Nc6 5. Bb5 Bd7 6. Qd3 a6 7. Bxc6 Bxc6 8.
Bg5 Qa5 9. Nf3 Nf6 10. O-O e6 11. Bxf6 gxf6 12. Rab1 Rc8 13. b4 Qh5 14. Nd4 Bd7
15. Rfe1 Be7 16. Re3 Kf8 17. f4 Rg8 18. Rf1 Rg4 19. h3 Rg8 20. f5 Qg5 21. Rf2
Ke8 22. Nce2 Qh6 23. fxe6 fxe6 24. Qb3 Rg5 25. Nxe6 Bxe6 26. Qxe6 Rxc2 27. Rc3
Rxc3 28. Nxc3 Re5 29. Qg8+ Kd7 30. Nd5 Qg6 31. Qb8 Qxe4 32. Qxb7+ Ke8 33. Qxe7+
Rxe7 34. Nxf6+ Kd8 35. Nxe4 Rxe4 36. Rf7 h5 37. a3 Re3 38. Rf5 Rxa3 39. Rxh5
Ra4 40. Ra5 Rxb4 41. Rxa6 Ke7 42. Kf2 Ke6 43. Kf3 Ke5 44. Ra8 d5 45. Re8+ Kf6
46. g4 Rb3+ 47. Re3 Rb1 48. h4 Rh1 49. h5 d4 50. Re8 d3 51. Rd8 Rf1+ 52. Kg2
Rd1 53. h6 Kg6 54. Rd6+ Kh7 55. g5 Rd2+ 56. Kf3 Rd1 57. Rd7+ Kg6 58. Rg7+ Kf5
59. Ke3 1-0

[Event "OLNN 2122 Hamburger SK III - SC Königs"]
[Site "?"]
[Date "2022.03.20"]
[Round "7.2"]
[White "Bracker, Arne"]
[Black "Zimmermann, Julian"]
[Result "0-1"]
[WhiteElo "2284"]
[BlackElo "2294"]
[PlyCount "55"]
[EventDate "2022.??.??"]

1. e4 e6 2. d4 d5 3. Nd2 dxe4 4. Nxe4 Nd7 5. Nf3 Ngf6 6. Nxf6+ Nxf6 7. c3 Be7
8. Bd3 c5 9. Be3 Qc7 10. Ne5 O-O 11. Qf3 cxd4 12. Bxd4 Bc5 13. Bxc5 Qxc5 14.
Qe2 Nd5 15. O-O-O Nf4 16. Qe4 Nxd3+ 17. Nxd3 Qc7 18. h4 f6 19. f4 Qf7 20. h5 e5
21. fxe5 Qxa2 22. h6 g6 23. exf6 Be6 24. Qd4 Bf5 25. Rhf1 Rad8 26. f7+ Qxf7 27.
Qxa7 Qc4 28. Qc5 {Zeitüberschreitung} 0-1

[Event "OLNN 2122 Hamburger SK III - SC Königs"]
[Site "?"]
[Date "2022.03.20"]
[Round "7.3"]
[White "Rosmann, Ilja"]
[Black "Gaede, Derek"]
[Result "0-1"]
[WhiteElo "2276"]
[BlackElo "2291"]
[PlyCount "66"]
[EventDate "2022.??.??"]

1. e4 e6 2. d4 d5 3. Nc3 Nf6 4. e5 Nfd7 5. f4 c5 6. Nf3 Nc6 7. Be3 Be7 8. Qd2
O-O 9. O-O-O c4 10. f5 Qa5 11. f6 gxf6 12. exf6 Nxf6 13. Bh6 Kh8 14. Bxf8 Bxf8
15. Qf4 Bg7 16. h4 b5 17. h5 h6 18. Ne5 Nxe5 19. dxe5 Nd7 20. Qxf7 Nxe5 21.
Qe8+ Kh7 22. Qxb5 Qc7 23. Nxd5 exd5 24. Qxd5 Rb8 25. Qe4+ Kh8 26. c3 Be6 27.
Be2 Bg8 28. Rh3 Bh7 29. Qd5 Qb6 30. Rd2 Qg1+ 31. Rd1 Qf2 32. Qd6 Re8 33. Qd2
Qf5 0-1

[Event "OLNN 2122 Hamburger SK III - SC Königs"]
[Site "?"]
[Date "2022.03.20"]
[Round "7.4"]
[White "Kugler, Florian"]
[Black "Borgmeyer, Max"]
[Result "1/2-1/2"]
[WhiteElo "2210"]
[BlackElo "2174"]
[PlyCount "74"]
[EventDate "2022.??.??"]

1. d4 Nf6 2. g3 e6 3. Bg2 d5 4. Nf3 b6 5. O-O Be7 6. c4 c6 7. Qc2 Bb7 8. Nbd2
Nbd7 9. e4 dxe4 10. Nxe4 Nxe4 11. Qxe4 Nf6 12. Qe2 O-O 13. Rd1 Qc8 14. b3 Re8
15. Bb2 c5 16. dxc5 Qxc5 17. Ne5 Bxg2 18. Kxg2 Rad8 19. Qf3 Rd6 20. b4 Qxb4 21.
Ba3 Rxd1 22. Bxb4 Rxa1 23. Bxe7 Rxe7 24. Qa8+ Re8 25. Qxa7 Rf8 26. Nc6 Rb1 27.
h3 h5 28. Qa3 Re8 29. Qe3 Ra8 30. Qe2 Rc1 31. g4 hxg4 32. hxg4 Ra1 33. Nb4 Rb1
34. g5 Rxb4 35. gxf6 gxf6 36. Qg4+ Kf8 37. Qf4 Raa4 1/2-1/2

[Event "OLNN 2122 Hamburger SK III - SC Königs"]
[Site "?"]
[Date "2022.03.20"]
[Round "7.5"]
[White "Langmann, Markus"]
[Black "Hinrichs, Lars"]
[Result "1/2-1/2"]
[WhiteElo "2079"]
[BlackElo "2250"]
[PlyCount "26"]
[EventDate "2022.??.??"]

1. e4 e6 2. d4 d5 3. exd5 exd5 4. Bd3 Bd6 5. Ne2 Nf6 6. Bf4 O-O 7. O-O Bg4 8.
f3 Bh5 9. Re1 Re8 10. Bg3 Bg6 11. Bxg6 hxg6 12. Nd2 Nc6 13. Nb3 Ne7 1/2-1/2

[Event "OLNN 2122 Hamburger SK III - SC Königs"]
[Site "?"]
[Date "2022.03.20"]
[Round "7.6"]
[White "Zieher, Hartmut"]
[Black "Lampe, Joerg"]
[Result "1/2-1/2"]
[WhiteElo "2112"]
[BlackElo "2106"]
[PlyCount "88"]
[EventDate "2022.??.??"]

1. e4 c5 2. Nc3 Nc6 3. f4 g6 4. Bb5 Nd4 5. Nf3 Bg7 6. O-O Nxb5 7. Nxb5 d6 8. c4
a6 9. Nc3 e6 10. Kh1 Ne7 11. d4 cxd4 12. Nxd4 O-O 13. Be3 b6 14. Qd2 Bb7 15.
Rac1 Rc8 16. b3 d5 17. f5 exf5 18. exd5 b5 19. Nce2 Qd7 20. Bh6 Rfd8 21. Bxg7
Kxg7 22. Nf4 Qd6 23. Nde6+ fxe6 24. Qb2+ e5 25. Ne6+ Kf6 26. Nxd8 Rxd8 27. Rfe1
f4 28. Re4 g5 29. Qe2 Nf5 30. Qh5 h6 31. Rce1 bxc4 32. bxc4 Rh8 33. Rxe5 Qxe5
34. Rxe5 Kxe5 35. Qf7 Rc8 36. Qxb7 Rxc4 37. Kg1 Ne3 38. g3 Rc1+ 39. Kf2 Rc2+
40. Ke1 f3 41. Qe7+ Kd4 42. Qf6+ Ke4 43. Qe6+ Kd4 44. Qf6+ Ke4 1/2-1/2

[Event "OLNN 2122 Hamburger SK III - SC Königs"]
[Site "?"]
[Date "2022.03.20"]
[Round "7.7"]
[White "Hloskovsky, Andrei"]
[Black "Schumacher, Norbert"]
[Result "1-0"]
[WhiteElo "2056"]
[BlackElo "2164"]
[PlyCount "41"]
[EventDate "2022.??.??"]

1. e4 c5 2. Nc3 Nc6 3. g3 g6 4. Bg2 Bg7 5. d3 d6 6. Be3 Nd4 7. Qd2 Qa5 8. f4
Rb8 9. Nf3 Bg4 10. O-O Bxf3 11. Bxf3 e6 12. Bg2 Ne7 13. Rf2 b5 14. e5 Nef5 15.
Ne4 b4 16. g4 Nxc2 17. Nxd6+ Kf8 18. gxf5 Nxa1 19. f6 Qxa2 20. fxg7+ Kxg7 21.
f5 1-0